000 01551nam0a22003611 4500
001 RU\NLR\INFOCOMM_41\5000240266
005 20250613085735.0
035 _a(NLR Aleph) 009041812
090 _a9546483
_c9546483
100 _a20080723d1987 |||y0rusy50 ca
101 1 _aeng
_drus
102 _aAM
_aRU
105 _ay z 000zy
200 1 _aInfinite-dimensional gauge Ising model
_fA. Z. Akheyan, N. S. Ananikyan, N. G. Ter-Arutunyan-Savvidi
210 _aЕреван
_c[Ереванский физический институт
_aМ.]
_cЦНИИатоминформ
_d1987
215 _a15 с.
_d20 см
225 1 _aPreprint
_fYerevan physics inst.
_vЕФИ-965(15)-87
300 _aВ вып. дан.: Бесконечная калибровочная модель Изинга / Н. С. Ананикян, А. З. Ахеян, Н. Г. Тер-Арутюнян-Саввиди
300 _aНадзаг. также на арм. и рус. яз.
300 _aРез. на рус. яз.
320 _aБиблиогр.: с. 15
517 1 _aБесконечная калибровочная модель Изинга
606 _aИзинга модель
_xМетод квантовой теории поля
_2nlr_sh1
686 _aВ317.24
_2rubbk
700 1 _aAchejan
_bA. Z.
_4070
701 1 _aAnanikjan
_bN. S.
_gNerses Sirekanovič
_4070
701 1 _aTer-Arutjunjan-Savvidi
_bN. G.
_4070
801 1 _aRU
_bNLR
_c20080723
801 0 _aRU
_bNLR
_gPSBO
852 _aNLR
_jФз01 Д-4/4622
942 _cBOOK
980 _aNB